000 00830nam a22001817a 4500
005 20231124143814.0
010 _aHIN-126384
020 _a9789395308281
_c475.00
035 _aHN-98730
037 _bDBAD/PUB.
082 _a352.6076
100 _aबरेडिया,एस एस
_959075
245 _aनीतिशास्त्र सत्यनिष्ठा एवं अभिरुचि/
_cएस एस बरेडिया और अजब लाल लिल्हारे
260 _aहैदराबाद
_bसंगम बुक्स
_c2023
270 _a3-6-747/1/A & 3-6-754/1 हिमायतनगर
_bहैदराबाद
_e500029
300 _a315 पृष्ट
_c24 सेमी (अजिल्द)
942 _aDPL
_cHN
_2ddc
_h352.6076
_mबरेडि
999 _c199225
_d199225